Vízia podpory mladých poľnohospodárov
Aktuálna situácia pracovnej sily v poľnohospodárstve SR. Predstavy o podpore mladých poľnohospodárov. Formy podpory pre mladých agropodnikateľov v zmysle Spoločnej poľnohospodárskej politiky Európskej únie.
Na minha lista:
| Autor principal: | |
|---|---|
| Formato: | Capítulo de Livro |
| Idioma: | eslovaco |
| Assuntos: | |
| Tags: |
Sem tags, seja o primeiro a adicionar uma tag!
|
MARC
| LEADER | 00000naa$a2200000$$$4500 | ||
|---|---|---|---|
| 001 | 0195622 | ||
| 005 | 20240502073302.0 | ||
| 041 | 0 | |a slo | |
| 044 | |a SK | ||
| 245 | 1 | 0 | |a Vízia podpory mladých poľnohospodárov |c Miroslav Tóth |
| 520 | |a Aktuálna situácia pracovnej sily v poľnohospodárstve SR. Predstavy o podpore mladých poľnohospodárov. Formy podpory pre mladých agropodnikateľov v zmysle Spoločnej poľnohospodárskej politiky Európskej únie. | ||
| 610 | 2 | 0 | |a poľnohospodárstvo |
| 610 | 2 | 0 | |a agropotravinárstvo |
| 610 | 2 | 0 | |a podnikanie |
| 610 | 2 | 0 | |a sily pracovné |
| 610 | 2 | 0 | |a financovanie |
| 610 | 2 | 0 | |a financie |
| 610 | 2 | 0 | |a politika poľnohospodárska spoločná |
| 100 | 1 | |a Tóth, Miroslav, 1961- | |